000 00502cam a2200193ua 4500
020 _a81-203-1037-3
_c175.00
041 _aeng
_h
082 _a005.42
_bABE/IB
100 _aAbel, Peter .
245 _aIBM PC assembly language and programming /
_cPeter Abel.
_hTextual Documents
250 _a3 /
_b.
260 _aNew Delhi :
_bPrentice Hall of India Pvt Ltd. ,
_c1996.
300 _a592 ; .
365 _a175.00
500 _a*CSS
504 _a
942 _cBK
999 _c9914
_d9914